After the tassel is moved; (Record no. 389)

MARC details
000 -LEADER
fixed length control field 00893cam a22002771 4500
001 - CONTROL NUMBER
control field 3121318
003 - CONTROL NUMBER IDENTIFIER
control field GBCCL
005 - DATE AND TIME OF LATEST TRANSACTION
control field 20241126110337.0
008 - FIXED-LENGTH DATA ELEMENTS--GENERAL INFORMATION
fixed length control field 700928s1968 miu 000 0 eng
010 ## -
-- 68019206
040 ## - CATALOGING SOURCE
Original cataloging agency DLC
Transcribing agency DLC
Modifying agency DLC
043 ## -
-- n-us---
050 00 -
-- LB1695
-- .C3
082 00 - DEWEY DECIMAL CLASSIFICATION NUMBER
Classification number 248.83
Item number CAL
100 1# - MAIN ENTRY--PERSONAL NAME
Personal name Caldwell, Louis O.
9 (RLIN) 519
245 10 - TITLE STATEMENT
Title After the tassel is moved;
Remainder of title guidelines for high school graduates
Statement of responsibility, etc. [by] Louis O. Caldwell.
260 ## - PUBLICATION, DISTRIBUTION, ETC.
Place of publication, distribution, etc. Grand Rapids,
Name of publisher, distributor, etc. Baker Book House
Date of publication, distribution, etc. 1969
300 ## - PHYSICAL DESCRIPTION
Extent 80 p.
Dimensions 20 cm.
650 #0 - SUBJECT ADDED ENTRY--TOPICAL TERM
Topical term or geographic name entry element High school graduates
Geographic subdivision United States.
9 (RLIN) 520
650 #0 - SUBJECT ADDED ENTRY--TOPICAL TERM
Topical term or geographic name entry element College choice
Geographic subdivision United States.
9 (RLIN) 521
650 #0 - SUBJECT ADDED ENTRY--TOPICAL TERM
Topical term or geographic name entry element Christian life
Geographic subdivision United States.
9 (RLIN) 522
650 #0 - SUBJECT ADDED ENTRY--TOPICAL TERM
Topical term or geographic name entry element High school graduates
General subdivision Employment
Geographic subdivision United States.
9 (RLIN) 523
650 #0 - SUBJECT ADDED ENTRY--TOPICAL TERM
Topical term or geographic name entry element Conduct of life.
9 (RLIN) 524
906 ## - LOCAL DATA ELEMENT F, LDF (RLIN)
a 7
b cbu
c orignew
d u
e ncip
f 19
g y-gencatlg
942 ## - ADDED ENTRY ELEMENTS (KOHA)
Source of classification or shelving scheme Dewey Decimal Classification
Koha item type Books
Holdings
Withdrawn status Lost status Source of classification or shelving scheme Damaged status Not for loan Home library Current Library Shelving location Date acquired Total checkouts Full call number Barcode Date last seen Copy number Price effective from Koha item type
    Dewey Decimal Classification     GRACE BIBLE COLLEGE GRACE BIBLE COLLEGE Ministry & Mission 2016-10-25   248.83 CAL 009524 2025-05-01 c.1 2016-10-25 Books
© Grace Bible College Library 2025